[Event "GER-ch U25-C"]
[Site "Willingen"]
[Date "2023.05.29"]
[Round "3"]
[White "Gyacsok, Rozalia"]
[Black "Nehrukumar, Snikitha"]
[Result "0-1"]
[WhiteElo "750"]
[BlackElo "984"]
[PlyCount "126"]
[EventDate "2023.05.27"]
[EventType "swiss"]
[EventRounds "9"]
[EventCountry "GER"]
[SourceTitle "CBM 214 Extra"]
[Source "ChessBase"]
[SourceDate "2023.07.31"]
[SourceVersion "1"]
[SourceVersionDate "2023.07.31"]
[SourceQuality "1"]

1. e4 e5 2. Qh5 Bd6 3. Bc4 Nh6 4. d3 Qe7 5. Bg5 Qf8 6. Nf3 Be7 7. 0-0 Bxg5 8. Nxg5 g6 9. Qf3 d5 10. Bxd5 c6 11. Bc4 Be6 12. Bxe6 fxe6 13. Qxf8+ Rxf8 14. Nxe6 Ke7 15. Nc7 Na6 16. Nxa8 Kd7 17. Nc3 Kc8 18. Rae1 Kb8 19. Re3 Kxa8 20. Rh3 Ng4 21. Re1 h5 22. Rd1 Rd8 23. Ne2 c5 24. Rf3 c4 25. Rf6 Nxf6 26. b3 Nxe4 27. bxc4 Nac5 28. Rb1 Nf6 29. Nc3 Re8 30. Nd5 Nxd5 31. cxd5 Na4 32. Rb4 Nc3 33. d6 Rd8 34. Rc4 Nxa2 35. c3 b5 36. Rc5 Rxd6 37. h3 h4 38. Rxb5 Nxc3 39. Rxe5 Rxd3 40. Re6 g5 41. Rg6 Ne2+ 42. Kh1 Rd1+ 43. Kh2 Rd5 44. Kh1 a5 45. Re6 Nf4 46. Re8+ Kb7 47. Re7+ Kc6 48. Re8 Kd6 49. Rd8+ Kc5 50. Rxd5+ Kxd5 51. Kg1 a4 52. g3 Nd3 53. gxh4 gxh4 54. Kg2 a3 55. f4 Nxf4+ 56. Kf3 Nxh3 57. Kg2 Nf4+ 58. Kf3 a2 59. Kxf4 a1Q 60. Kg4 Qh8 61. Kh3 Ke4 62. Kg2 Qg8+ 63. Kh3 Qg3# 0-1